| 000 | 00686nam a2200205Ii 4500 | ||
|---|---|---|---|
| 003 | JO-AjNU | ||
| 008 | 230605s9999||||xx |||||||||||||| ||und|| | ||
| 040 |
_aJO-AjNU _bara _erda _cJO-AjNU |
||
| 041 | _aara | ||
| 050 | 1 | 4 | _aPJ7808.S3.Z85 1986 |
| 100 | 3 |
_aتأليف رزوق،رزوق فرج, _eauthor _99018 |
|
| 245 | 0 | 0 | _aإلياس أبو شبكة وشعره |
| 250 | _aط2 | ||
| 264 | 3 | 1 | _aبغداد:دار الشؤون الثقافية العامة((آفاق عربية))،1986 |
| 300 | _a288ص | ||
| 336 |
_atext _btxt _2rdacontent |
||
| 337 |
_aunmediated _bn _2rdamedia |
||
| 338 |
_avolume _bnc _2rdacarrier |
||
| 650 | 4 |
_aالشعر العربي - تاريخ ونقد _99019 |
|
| 999 |
_aA1085 _c4653 _d4653 |
||